00766cam a2200253 a 45000010005000000030008000050050017000130080041000300200015000710350018000860400026001040410008001300820024001382450072001622500012002342600097002463000033003435040043003766500016004196500015004357000026004507000017004767000019004931613BD-RjUL20211208233354.0940615s1994 at a b 000 0 eng  a0731516958 a(BD-RjUL)1640 aBD-RjULbengcBD-RjUL aeng 219a304.6bBEG 199400aBeginning population studies /cDavid Lucas & Paul Meyer (editors). a2nd ed. aCanberra :bNational Centre for Development Studies, Australian National University,cc1994. axv, 199 p. :bill. ;c25 cm. aBibliographical references: p. 187-190 0aDemography. 0aPopulation1 aLucas, David,d1938-.1 aMeyer, Paul.1 aWilson, Tikka.